=LDR 00000nam 2200000 4500 =001 INLIS000000000050432 =005 20170504125926 =035 ##$$a 0010-0517000085 =007 ta =008 170504###########################0###### =020 ##$$a 978-602-98044-2-3 =082 ##$$a 680 =084 ##$$a 680 SAN c =100 #$$a Sanubari, Deswinita =245 1#$$a Craft business big ideas : $b Sembilan puluh sembilan krasi kerajinan tangan untuk bisnis dan hobi /$c Deswinita Sanubari =250 ##$$a Cet.1 =260 ##$$a Yogyakarta :$b Mitra Buku,$c 2014 =300 ##$$a ix, 232 hlm. : $b Ilus ; $c 24 cm. =650 ##$$a Kerajinan Tangan =990 ##$$a 78017801 =990 ##$$a 78017801 =990 ##$$a 31700715 =990 ##$$a 02201707801 =990 ##$$a 31700716 =990 ##$$a 31700715